NBA players with the most 40 point games in the playoffs - Statistics

General Stats
  • This quiz has been taken 152 times
  • The average score is 16 of 25
Answer Stats
Hint Answer % Correct
38 Michael Jordan
99%
28 LeBron James
98%
13 Kobe Bryant
89%
20 Jerry West
86%
14 Kevin Durant
86%
6 Stephen Curry
85%
13 Wilt Chamberlain
85%
5 Larry Bird
78%
12 Shaquille O'Neal
77%
9 Kareem Abdul-Jabbar
76%
9 James Harden
74%
7 Russell Westbrook
74%
10 Allen Iverson
61%
11 Hakeem Olajuwon
60%
5 Giannis Antetokounmpo
59%
7 Dwayne Wade
58%
7 Dirk Nowitzki
55%
14 Elgin Baylor
55%
5 Charles Barkley
50%
5 Kawhi Leonard
41%
5 Luka Dončić
34%
5 Dominique Wilkins
30%
8 Rick Barry
26%
6 George Gervin
24%
7 Bernard King
15%
No matching quizzes found
Score Distribution
Percent of People with Each Score
Percentile by Number Answered
Your Score History
You have not taken this quiz